Jim Gaffigan Filmography - Statistics

General Stats
  • This quiz has been taken 13 times
    2 since last reset
  • The average score is 26 of 163
Answer Stats
Type Year Name % Correct
Film 2018 Duck Duck Goose
100%
Film 2004 13 Going on 30
50%
Film 2009 17 Again
50%
Film 2001 30 Years to Life
50%
Film 2009 Away We Go
50%
Film 2016 Chuck
50%
Film 2004 Duane Incarnate
50%
Film 2000 Endsville
50%
Film 1999 Entropy
50%
Film 2015 Experimenter
50%
Film 2001 Final
50%
Film 1997 Fool's Paradise
50%
Film 1998 From a High Place
50%
Film 2010 Going the Distance
50%
Film 2002 Hacks
50%
Film 2018 Hotel Transylvania 3: Summer Vacation
50%
Film 2022 Hotel Transylvania 4: Transformania
50%
Film 2015 Hot Pursuit
50%
Short Film 2012 Howard Cantour.com
50%
Film 2002 Igby Goes Down
50%
Film 2010 It's Kind of a Funny Story
50%
Film 2013 Kilimanjaro
50%
Film 2000 Killing Cinderella
50%
Film 1999 Kimberly
50%
Film 2000 Little Pieces
50%
Film 2012 Love Sick Love
50%
Film 2021 Luca
50%
Film 2002 No Sleep 'til Madison
50%
Film 1999 Not Afraid to Say...
50%
Film 1999 Personals
50%
Film 2023 Peter Pan & Wendy
50%
Film 1999 Puppet
50%
Film 1997 Reflections of a Sensitive Man
50%
Film 2011 Salvation Boulevard
50%
Film 2003 Season of Youth
50%
Film 2008 Shoot First and Pray You Live (Because Luck Has Nothing to Do with It)
50%
Film 2015 Staten Island Summer
50%
Film 2006 Stephanie Daley
50%
Film 2001 Super Troopers
50%
Film 2010 Ten Stories Tall
50%
Film 2005 The Great New Wonderful
50%
TV Show 2015-2016 The Jim Gaffigan Show
50%
Film 2007 The Living Wake
50%
Film 2008 The Love Guru
50%
Film 1998 The Real Howard Spitz
50%
Film 2009 The Slammin' Salmon
50%
Film 1999 Three Kings
50%
Film 2005 Trust the Man
50%
Film 2024 Unfrosted
50%
Film 2015 Walter
50%
Film 1999 Wirey Spindell
50%
Award Show 2006 2006 Golden Trailer Awards
0%
Web Series 2019 Above Average Presents
0%
Film 2019 Above the Shadows
0%
Film 2018 American Dreamer
0%
Short Film 2024 An Almost Christmas Story
0%
TV Film 2004 Bad Apple
0%
Documentary 2024 Before We Get Started
0%
Film 2018 Being Frank
0%
TV Show 2013-2024 Bob's Burgers
0%
TV Show 2010 Bored to Death
0%
TV Show 2021 Celebrity Game Face
0%
TV Film 2004 Channel Surfing
0%
Film 2017 Chappaquiddick
0%
TV Show 2005 Cheap Seats: Without Ron Parker
0%
Commercial 2016-2017 Chrysler Pacifica
0%
Film 2022 Collide
0%
Commercial 2014 Comcast
0%
TV Show 2013 Comedy Bang! Bang!
0%
TV Show 2000 Comedy Central Presents
0%
TV Show 1998 Conrad Bloom
0%
TV Show 2004 Crank Yankers
0%
TV Film 2000 Cry Baby Lane
0%
TV Short 1999 Doing Time
0%
TV Show 1997, 1998 Dr. Katz, Professional Therapist
0%
Film 2019 Drunk Parents
0%
Commercial 2009 E-Bay
0%
TV Show 2003-2004 Ed
0%
Film TBA Eugene the Marine
0%
Documentary Series 2021 Finding Your Roots with Henry Louis Gates, Jr.
0%
Commercial 2001 Fleet OfficeLink
0%
TV Show 2009 Flight of the Conchords
0%
Web Mini-Series 2023 Full Circle
0%
Film 2024 Greedy People
0%
Web Series 2024 Hit-Monkey
0%
TV Show 2003 Hope & Faith
0%
Film 2019 I've Got Issues
0%
Commercial 2000 i-won.com
0%
Stand-Up Special 2006 Jim Gaffigan: Beyond the Pale
0%
Short Film 2025 Jim Gaffigan: Checking Into a Hotel
0%
Stand-Up Special 2017 Jim Gaffigan: Cinco
0%
Stand-Up Special 2023 Jim Gaffigan: Dark Pale
0%
Stand-Up Special 2009 Jim Gaffigan: King Baby
0%
Stand-Up Special 2012 Jim Gaffigan: Mr. Universe
0%
Stand-Up Special 2018 Jim Gaffigan: Noble Ape
0%
Stand-Up Special 2014 Jim Gaffigan: Obsessed
0%
Stand-Up Special 2019 Jim Gaffigan: Quality Time
0%
Stand-Up Special 2020 Jim Gaffigan: The Pale Tourist
0%
Stand-Up Special 2024 Jim Gaffigan: The Skinny
0%
TV Show 2000, 2004, 2009 Just for Laughs
0%
TV Special 2014 Just for Laughs Presents: Jim Gaffigan
0%
Commercial 2016-2017 KFC
0%
Commercial 1999 Kia
0%
TV Show 1999 LateLine
0%
TV Show 1998 Late Night with Conan O'Brien
0%
TV Show 1998, 2009 Law & Order
0%
TV Show 2002, 2007 Law & Order: Criminal Intent
0%
TV Show 2001 Law & Order: Special Victims Unit
0%
Film 2019 Light from Light
0%
Film 2022 Linoleum
0%
TV Show 2006 Love, Inc.
0%
Film TBA Maintenance Required
0%
TV Show 2006-2009 My Boys
0%
TV Show 2016 Nightcap
0%
Web Special 2025 Night of Too Many Stars
0%
TV Film 2016 Once Upon a Sesame Street Christmas
0%
TV Show 2007 Our Massive Planet
0%
TV Show 2005-2008 Pale Force
0%
Film 2019 Playmobil: The Movie
0%
TV Show 2012, 2013 Portlandia
0%
TV Show 1999 Random Play
0%
TV Film 2022 Reindeer in Here
0%
TV Show 2021 Rick and Morty
0%
TV Show 1999 Rock Candy
0%
Commercial 1999, 2000 Rolling Rock Beer
0%
TV Show 2011 Royal Pains
0%
Film 2024 Running on Empty
0%
TV Show 2024 Saturday Night Live
0%
Commercial 1997 Saturn
0%
TV Show 2019 Scooby-Doo and Guess Who?
0%
TV Show 2001 Sex and the City
0%
TV Show 2004 Shorties Watchin' Shorties
0%
TV Show 2006 Shorty McShorts' Shorts
0%
Short Film 2000 Sidesplitters: The Burt & Dick Story
0%
Commercial 2005, 2006, 2007 Sierra Mist
0%
TV Show 1998 Soul Man
0%
TV Show 2021 Stargirl
0%
TV Show 2015, 2017, 2019 Star vs. the Forces of Evil
0%
TV Film 2004 Strip Search
0%
Film 2018 Super Troopers 2
0%
Film 2022 Susie Searches
0%
Film 2020 Target Number One
0%
TV Show 2014 Teachers Lounge
0%
Film 2020 Tesla
0%
TV Show 2003-2004 That '70s Show
0%
Theater 2011 That Championship Season
0%
TV Show 2009 The Daily Show
0%
Film 2019 The Day Shall Come
0%
TV Show 2001-2002 The Ellen Show
0%
TV Show 2004 The Jury
0%
Film 2019 Them That Follow
0%
Short Film 2014 The Nobodies
0%
Short Film 2003 The Paper Mache Chase
0%
Web Special 2024 The Roast of Tom Brady
0%
TV Show 2000 Third Watch
0%
Film 2019 Troop Zero
0%
Web Series 2017 Unbreakable Kimmy Schmidt
0%
TV Show 2002 USO Comedy Tour
0%
TV Show 2014 Us & Them
0%
TV Show 2015 Wallykazam!
0%
TV Show 2000-2001 Welcome to New York
0%
TV Show 2009 WordGirl
0%
TV Show 2018 You Didn't Want to Know
0%
No matching quizzes found
Score Distribution
Percent of People with Each Score
Percentile by Number Answered
Your Score History
You have not taken this quiz since the last reset